Geography Quiz

Random Geography or Blitz Quiz

US States Border Blitz Quiz Stats

 Plays Quiz Updated Dec 3, 2014

Challenge
Share
Tweet
Embed
Score 0/50 Timer 01:00
11 Plays Today
% Correct
Arizona
95.5%
Nevada
95.4%
Oklahoma
94.9%
Oregon
94.4%
New Mexico
94.2%
Arkansas
93.7%
Pennsylvania
93.6%
Tennessee
93.5%
Georgia
93%
Missouri
92.4%
Alabama
92.1%
Idaho
92%
New York
92%
California
91.9%
Colorado
91.5%
Kentucky
91.3%
Massachusetts
91.1%
Wyoming
91%
Utah
89.9%
Nebraska
89.6%
Texas
89.1%
South Dakota
87.9%
Florida
86.4%
Louisiana
86.4%
Vermont
85.7%
% Correct
Iowa
85.7%
New Jersey
85.7%
Connecticut
85.4%
Ohio
85.1%
West Virginia
84.5%
Indiana
84.3%
Virginia
82.8%
Montana
82.5%
Kansas
82.3%
Illinois
82.2%
New Hampshire
81.8%
North Carolina
81.6%
Wisconsin
79.2%
Mississippi
78.1%
Minnesota
76.8%
Michigan
76.4%
Washington
74.9%
North Dakota
74.8%
Maryland
72.5%
Maine
72.4%
Alaska
67.6%
Hawaii
65.5%
Delaware
64.7%
South Carolina
62.8%
Rhode Island
54.9%

You're not logged in!

Compare scores with friends on all Sporcle quizzes.
OR
Log In

You Might Also Like...

Show Comments

Extras

Top Quizzes Today


Score Distribution

Your Account Isn't Verified!

In order to create a playlist on Sporcle, you need to verify the email address you used during registration. Go to your Sporcle Settings to finish the process.

Report this User

Report this user for behavior that violates our Community Guidelines.

Details: